Normal view
MARC view
Entry Personal Name
001 - CONTROL NUMBER
- control field: 16596
003 - CONTROL NUMBER IDENTIFIER
- control field: OSt
005 - DATE AND TIME OF LATEST TRANSACTION
- control field: 20230412100144.0
008 - FIXED-LENGTH DATA ELEMENTS
- fixed length control field: 230412|| aca||aabn | a|a d
040 ## - CATALOGING SOURCE
- Original cataloging agency: OSt
- Transcribing agency: OSt
100 ## - HEADING--PERSONAL NAME
- Personal name: Diethrich, Edward B.,
- Dates associated with a name: 1935-
670 ## - SOURCE DATA FOUND
- Source citation: Work cat.: (OSt)0: Diethrich, Edward B., 1935-, The heart test /, c1981.
